00513nam a2200145Ia 4500008004000000082001600040100002600056245005500082260003800137300000800175690002000183906001100203999001700214952013600231210210b1992 xxu||||| |||| 00| 0 eng d a025.42 SRIT aSRIVASTAVA (Anand P). aTheory of knowledge classification for librarians. aNDbThe Learning Laboratoryc1992 a115 aLibrary Science a047469 c96379d96379 001040708Library ScienceaALbALcLibrary Scienced2021-02-17g0.00l0o025.42 SRITp047469r2021-02-17 00:00:00w2021-02-17yBK